[Event "Premijer  Liga Crne Gore u sahu za 2015."]
[Site "Bar"]
[Date "2015.09.27"]
[Round "2.1"]
[White "Roganovic, Milos"]
[Black "Rapport, Richard"]
[Result "0-1"]
[WhiteElo "2526"]
[BlackElo "2649"]
[Annotator "user"]
[PlyCount "138"]
[EventDate "2015.09.26"]

1. e4 c5 2. Nf3 Nc6 3. Nc3 d6 4. d4 cxd4 5. Nxd4 Nf6 6. Bg5 e6 7. Qd2 a6 8.
O-O-O Bd7 9. f4 b5 10. Qe3 Qb6 11. Bxf6 gxf6 12. g3 Rc8 13. Kb1 Qc5 14. Bh3
Nxd4 15. Qxd4 b4 16. Qxc5 Rxc5 17. Ne2 Bc6 18. Rd4 f5 19. Rxb4 Bxe4 20. Rc1 Bg7
21. Nc3 Bxc3 22. bxc3 Ke7 23. Bf1 a5 24. Rb3 d5 25. Kb2 Kf6 26. a4 Rhc8 27. Re1
h5 28. Ba6 Rg8 29. Rb5 Rc7 30. Rb3 h4 31. c4 hxg3 32. hxg3 Rh8 33. Re2 dxc4 34.
Rc3 Rb8+ 35. Ka2 Bc6 36. Re5 Rb4 37. Rc5 Ke7 38. R3xc4 Rb6 39. Bb5 Kd6 40. Bxc6
Rbxc6 41. Rxc6+ Rxc6 42. Rd4+ Ke7 43. Kb3 f6 44. Rd3 Rc8 45. c4 Rc6 46. Kc3 Rd6
47. Re3 Rd1 48. Kc2 Ra1 49. Kb3 Kd6 50. Rd3+ Kc5 51. Re3 e5 52. fxe5 Kd4 53.
Rc3 fxe5 54. c5 Rb1+ 55. Kc2 Rb7 56. c6 Rc7 57. Kd2 Kd5 58. Rf3 Rxc6 59. Rxf5
Rc4 60. Rf8 Rxa4 61. Ke3 Ra3+ 62. Kf2 a4 63. g4 Ra2+ 64. Kf1 a3 65. Ra8 Ke4 66.
g5 Kf5 67. Ra5 Ra1+ 68. Kg2 a2 69. Kh2 Kg6 0-1

[Event "Premijer  Liga Crne Gore u sahu za 2015."]
[Site "Bar"]
[Date "2015.09.27"]
[Round "2.1"]
[White "Mrsevic, Miroslav"]
[Black "Kosic, Dragan"]
[Result "0-1"]
[WhiteElo "2268"]
[BlackElo "2468"]
[PlyCount "96"]
[EventDate "2015.09.26"]

1. e4 e6 2. d3 d5 3. Nd2 Nf6 4. Ngf3 Be7 5. g3 b6 6. e5 Nfd7 7. Bg2 Bb7 8. O-O
c5 9. c4 d4 10. Re1 Nc6 11. h4 Qc7 12. Qe2 h6 13. h5 O-O-O 14. a3 a5 15. Bh3
Rdg8 16. Kh2 g6 17. Bg4 Rg7 18. Rb1 gxh5 19. Bxh5 Kb8 20. Ne4 Ba8 21. Bf4 Nf8
22. Nd6 Ng6 23. Bxg6 fxg6 24. b4 axb4 25. axb4 cxb4 26. c5 bxc5 27. Rec1 Qb6
28. Nd2 g5 29. N2c4 Qc7 30. Bd2 Rf8 31. Be1 g4 32. Ra1 Bxd6 33. Nxd6 Qb6 34.
Qa2 Na7 35. Qa6 Qxa6 36. Rxa6 Bf3 37. Bd2 Rg5 38. Bxg5 hxg5 39. Nf5 exf5 40.
Rb6+ Ka8 41. Rh6 b3 42. e6 Re8 43. Re1 Nc6 44. Rc1 Kb7 45. Rxc5 Kb6 46. Rc1 Bd5
47. Re1 Re7 48. Kg1 Nb4 0-1

[Event "Premijer  Liga Crne Gore u sahu za 2015."]
[Site "Bar"]
[Date "2015.09.27"]
[Round "2.1"]
[White "Batricevic, Sasa"]
[Black "Cetkovic, Miodrag"]
[Result "1-0"]
[WhiteElo "2253"]
[BlackElo "2136"]
[PlyCount "47"]
[EventDate "2015.09.26"]

1. e4 c5 2. Nf3 e6 3. Nc3 Nc6 4. Bb5 d6 5. d4 cxd4 6. Qxd4 Bd7 7. Bxc6 Bxc6 8.
Bg5 Nf6 9. O-O-O Be7 10. h4 h6 11. Be3 Qa5 12. Nd2 e5 13. Qd3 O-O 14. g4 Nxg4
15. Nc4 Qc7 16. Rhg1 Nxe3 17. Nxe3 Kh7 18. Rxg7+ Kxg7 19. Nf5+ Kf6 20. Qf3 Ke6
21. Qg4 Kf6 22. Nxh6 Bd8 23. Nf5 Be7 24. Ng7 1-0

[Event "Premijer  Liga Crne Gore u sahu za 2015."]
[Site "Bar"]
[Date "2015.09.27"]
[Round "2.1"]
[White "Ratkovic, Milorad"]
[Black "Podlesnik, Bogdan"]
[Result "0-1"]
[WhiteElo "2134"]
[BlackElo "2358"]
[Annotator "user"]
[PlyCount "97"]
[EventDate "2015.09.26"]

1. e4 c5 2. Nf3 Nc6 3. d4 cxd4 4. Nxd4 Nf6 5. Nc3 g6 6. Bc4 Bg7 7. Nde2 O-O 8.
f3 Na5 9. Bb3 b6 10. Bg5 h6 11. Be3 Bb7 12. Qd2 h5 13. O-O-O Nxb3+ 14. axb3 d6
15. Bh6 Rc8 16. Bxg7 Kxg7 17. h4 Qc7 18. Nd4 Rh8 19. Rh3 a6 20. Rg3 Rhg8 21.
Rxg6+ Kxg6 22. Nf5 Nxe4 23. Qh6+ Kxf5 24. fxe4+ Bxe4 25. Rf1+ Ke5 26. Qf4+ Ke6
27. Qxe4+ Kd7 28. Rxf7 Ke8 29. Qh7 Rxg2 30. Qxh5 Qc6 31. Rg7+ Kd8 32. Rxg2 Qxg2
33. Qh7 Qf1+ 34. Kd2 Qf4+ 35. Kd1 Rc5 36. Qg8+ Kd7 37. Qa8 Re5 38. Qb7+ Ke8 39.
Qh1 Rf5 40. Qc6+ Kf7 41. Ne4 Qf1+ 42. Kd2 Qg2+ 43. Kd3 Rf3+ 44. Kd4 Rf4 45.
Qd5+ Kg7 46. Qg5+ Qxg5 47. hxg5 Kg6 48. Ke3 Rh4 49. Nc3 {...} 0-1

[Event "Premijer  Liga Crne Gore u sahu za 2015."]
[Site "Bar"]
[Date "2015.09.27"]
[Round "2.1"]
[White "Batricevic, Jovo"]
[Black "Mitrovic, Stevan"]
[Result "1/2-1/2"]
[WhiteElo "2156"]
[BlackElo "2090"]
[PlyCount "29"]
[EventDate "2015.09.26"]

1. e4 c5 2. Nf3 d6 3. d4 cxd4 4. Nxd4 Nf6 5. Nc3 Nc6 6. Be2 e6 7. O-O Be7 8.
Be3 a6 9. f4 Qc7 10. a4 Nxd4 11. Bxd4 e5 12. Be3 exf4 13. Rxf4 Be6 14. Qe1 Nd7
15. Qg3 1/2-1/2

[Event "Premijer  Liga Crne Gore u sahu za 2015."]
[Site "Bar"]
[Date "2015.09.27"]
[Round "2.2"]
[White "Arsovic, Zoran"]
[Black "Ivanisevic, Ivan"]
[Result "0-1"]
[WhiteElo "2421"]
[BlackElo "2658"]
[PlyCount "92"]
[EventDate "2015.09.26"]

1. Nf3 d5 2. g3 Nc6 3. d4 Bf5 4. Bg2 Nb4 5. Na3 e6 6. O-O Be7 7. Ne5 Nf6 8. c3
Na6 9. Qb3 Qc8 10. c4 c6 11. Bf4 O-O 12. Rac1 Rd8 13. Rfd1 h6 14. Nb1 Be4 15.
Nd2 Bxg2 16. Kxg2 Nc7 17. Qf3 Nce8 18. g4 Nd6 19. h4 Nd7 20. b3 Nf8 21. Bg3 f6
22. Nd3 Nf7 23. e4 dxc4 24. Rxc4 b5 25. Rcc1 Rxd4 26. e5 fxe5 27. Rxc6 Qd8 28.
Ne4 Qd5 29. Rc7 Re8 30. Nc3 Qxf3+ 31. Kxf3 Ng6 32. Ne4 Nd6 33. Nxd6 Bxd6 34.
Rd7 Nf8 35. Rxa7 e4+ 36. Ke3 Rxd3+ 37. Rxd3 Bc5+ 38. Kxe4 Bxa7 39. Rd6 Rc8 40.
Ra6 Bc5 41. a4 bxa4 42. bxa4 Kf7 43. Ra5 Nd7 44. Rb5 Ke7 45. g5 hxg5 46. hxg5
Bd6 0-1

[Event "Premijer  Liga Crne Gore u sahu za 2015."]
[Site "Bar"]
[Date "2015.09.27"]
[Round "2.2"]
[White "Markus, Robert"]
[Black "Arsovic, Goran"]
[Result "1-0"]
[WhiteElo "2621"]
[BlackElo "2389"]
[PlyCount "59"]
[EventDate "2015.09.26"]

1. d4 Nf6 2. c4 g6 3. Nf3 Bg7 4. g3 O-O 5. Bg2 d6 6. O-O c6 7. Nc3 Bf5 8. Re1
Ne4 9. Qb3 Nxc3 10. bxc3 Bc8 11. e4 Nd7 12. e5 dxe5 13. Ba3 c5 14. dxe5 e6 15.
Bc1 Qc7 16. Bf4 h6 17. h4 b6 18. Qc2 Bb7 19. Qe2 Rad8 20. Qe3 Kh7 21. Rad1 Nb8
22. Rd6 Rxd6 23. exd6 Qc8 24. g4 Nd7 25. Bg3 Re8 26. g5 h5 27. Nd2 Bxg2 28.
Kxg2 Qc6+ 29. Ne4 e5 30. Qf3 1-0

[Event "Premijer  Liga Crne Gore u sahu za 2015."]
[Site "Bar"]
[Date "2015.09.27"]
[Round "2.2"]
[White "Vlatkovic, Milos"]
[Black "Djukic, Nikola"]
[Result "0-1"]
[WhiteElo "2333"]
[BlackElo "2546"]
[PlyCount "82"]
[EventDate "2015.09.26"]

1. d4 Nf6 2. c4 g6 3. Nc3 Bg7 4. e4 d6 5. h3 O-O 6. Bg5 Qe8 7. Nf3 e5 8. d5 a5
9. Be2 Na6 10. O-O Nd7 11. Bd2 f5 12. Ng5 Ndc5 13. exf5 gxf5 14. a3 h6 15. b4
hxg5 16. bxc5 Nxc5 17. Bxg5 f4 18. Bh5 Qd7 19. Bg4 Qf7 20. Bh5 Qf5 21. Be7 Rf7
22. Bxf7+ Kxf7 23. Bh4 Qh7 24. Bg3 fxg3 25. fxg3+ Kg8 26. Qf3 Qg6 27. Nb5 e4
28. Qf4 Bd7 29. Rab1 Be5 30. Qe3 Bxg3 31. Nxc7 Bxh3 32. Rb2 Rc8 33. Ne6 Nxe6
34. dxe6 Bxe6 35. Rxb7 Be5 36. Re7 Rf8 37. Rxf8+ Kxf8 38. Rb7 Bxc4 39. Qb6 Bf7
40. Qd8+ Kg7 41. Qh4 Bg3 0-1

[Event "Premijer  Liga Crne Gore u sahu za 2015."]
[Site "Bar"]
[Date "2015.09.27"]
[Round "2.2"]
[White "Kalezic, Blazo"]
[Black "Geler, Aleksandar"]
[Result "1/2-1/2"]
[WhiteElo "2435"]
[BlackElo "2229"]
[PlyCount "95"]
[EventDate "2015.09.26"]

1. e4 e5 2. Nf3 Nc6 3. Bb5 a6 4. Ba4 Nf6 5. O-O Be7 6. Re1 b5 7. Bb3 d6 8. a4
Bg4 9. c3 O-O 10. h3 Bxf3 11. Qxf3 Na5 12. Bc2 c5 13. axb5 axb5 14. d3 b4 15.
Nd2 Nd7 16. Nf1 Bg5 17. Ne3 Bxe3 18. Bxe3 bxc3 19. bxc3 Qc7 20. Ra3 Nc6 21.
Rxa8 Rxa8 22. Bb3 Nd8 23. Bd5 Ra3 24. Rb1 Nf8 25. Qe2 Nfe6 26. Qb2 Ra7 27. g3
g5 28. Kh2 Qe7 29. Qe2 h6 30. Qh5 Kh7 31. h4 Ng7 32. Qg4 gxh4 33. gxh4 Nde6 34.
Rg1 Qf6 35. Bxe6 fxe6 36. c4 Qf7 37. Rg3 Ra3 38. Rf3 Qg6 39. Qxg6+ Kxg6 40. Rf8
Rxd3 41. Rh8 Rc3 42. Rxh6+ Kf7 43. Bg5 Rxc4 44. f3 d5 45. Rf6+ Kg8 46. Rg6 Kf7
47. Rf6+ Kg8 48. Rg6 1/2-1/2

[Event "Premijer  Liga Crne Gore u sahu za 2015."]
[Site "Bar"]
[Date "2015.09.27"]
[Round "2.2"]
[White "Petijevic, Vaso"]
[Black "Pajkovic, Vladimir"]
[Result "1/2-1/2"]
[WhiteElo "2267"]
[BlackElo "2421"]
[PlyCount "149"]
[EventDate "2015.09.26"]

1. e4 e5 2. Nf3 Nc6 3. Nc3 Nf6 4. Bb5 Bd6 5. d3 a6 6. Ba4 h6 7. Ne2 b5 8. Bb3
Bc5 9. O-O d6 10. c3 O-O 11. Ng3 Re8 12. Nh4 Bg4 13. Qe1 Ne7 14. h3 Be6 15. Qd1
d5 16. Qf3 Nh7 17. Nhf5 dxe4 18. dxe4 Nxf5 19. Nxf5 Qf6 20. Qg4 Kh8 21. Bxe6
fxe6 22. Nh4 Nf8 23. Be3 Be7 24. g3 Qf7 25. Qf3 Kg8 26. Qxf7+ Kxf7 27. Nf3 Nd7
28. Rfd1 Bd6 29. a4 Red8 30. Kf1 Ke7 31. Nd2 Rdb8 32. axb5 axb5 33. Nb3 Ra4 34.
Na5 Ra8 35. Rxa4 bxa4 36. Nc4 Ra6 37. Ke2 Rc6 38. Kd3 Bc5 39. Kc2 Bxe3 40. Nxe3
Nc5 41. f3 Nd7 42. h4 h5 43. g4 hxg4 44. Nxg4 Ra6 45. Ne3 Nb6 46. Rg1 Kf7 47.
Rg5 a3 48. bxa3 Rxa3 49. Ng4 Nd7 50. Nxe5+ Nxe5 51. Rxe5 Ra2+ 52. Kd3 Rh2 53.
Rc5 Rxh4 54. Rxc7+ Kf6 55. Kd4 g5 56. c4 Rh3 57. Rc8 Kf7 58. c5 Rxf3 59. c6 Ke7
60. e5 Rf1 61. Rg8 Rc1 62. Rg7+ Kf8 63. Rc7 g4 64. Ke3 g3 65. Kf3 Rc3+ 66. Kg2
Ke8 67. Kh3 Kd8 68. Rd7+ Ke8 69. Rd6 Ke7 70. Kg2 Rc5 71. Rd7+ Ke8 72. Rh7 Kd8
73. Rd7+ Kc8 74. Re7 Rxe5 75. Kxg3 1/2-1/2

[Event "Premijer  Liga Crne Gore u sahu za 2015."]
[Site "Bar"]
[Date "2015.09.27"]
[Round "2.2"]
[White "Nikac, Predrag"]
[Black "Maric, Bozo"]
[Result "1-0"]
[WhiteElo "2249"]
[BlackElo "2239"]
[PlyCount "83"]
[EventDate "2015.09.26"]

1. e4 c5 2. Nf3 e6 3. d4 cxd4 4. Nxd4 Nc6 5. Nc3 Qc7 6. Be2 a6 7. O-O Nf6 8.
Kh1 Nxd4 9. Qxd4 Bc5 10. Qd2 h6 11. f4 d6 12. Qe1 Bd4 13. Bf3 Bd7 14. Be3 Bxe3
15. Qxe3 e5 16. Rad1 Bc6 17. Rd3 O-O 18. Rfd1 Rad8 19. Qd2 Rfe8 20. f5 Qb6 21.
a3 Kh7 22. b4 Rd7 23. Rxd6 Red8 24. Rd3 Rxd3 25. cxd3 Qd4 26. g3 Bb5 27. Nxb5
axb5 28. Kg2 Ra8 29. Qf2 Qc3 30. d4 Nd7 31. Bh5 Qb3 32. Qf3 Qb2+ 33. Qe2 Qxa3
34. Bxf7 Qxb4 35. Be6 Nf6 36. dxe5 Nxe4 37. f6 g6 38. Qc2 Nc5 39. Bf7 Qg4 40.
h3 Qe4+ 41. Qxe4 Nxe4 42. Rd7 1-0

[Event "Premijer  Liga Crne Gore u sahu za 2015."]
[Site "Bar"]
[Date "2015.09.27"]
[Round "2.3"]
[White "Sedlak, Nikola"]
[Black "Milanovic, Danilo"]
[Result "1-0"]
[WhiteElo "2549"]
[BlackElo "2462"]
[PlyCount "83"]
[EventDate "2015.09.26"]

1. d4 Nf6 2. c4 c5 3. d5 b5 4. Qc2 bxc4 5. e4 d6 6. Bxc4 g6 7. Nf3 Bg7 8. O-O
O-O 9. Re1 Nbd7 10. h3 Rb8 11. Nc3 Nh5 12. Be2 Nb6 13. Bg5 h6 14. Bd2 e6 15.
dxe6 Bxe6 16. Rad1 Qe7 17. Qc1 Kh7 18. Bf1 Nf6 19. e5 dxe5 20. Nxe5 Rbc8 21.
Ba6 Ra8 22. Nd3 Rad8 23. Nf4 Nfd5 24. Ncxd5 Nxd5 25. Nxd5 Rxd5 26. Bc4 Rd6 27.
Be3 Rxd1 28. Rxd1 Rc8 29. b3 Bf5 30. Qd2 Bf8 31. Bf4 Qf6 32. Qe3 Bg7 33. a4 g5
34. Bg3 Kg8 35. Rd6 Qa1+ 36. Kh2 Bf8 37. Ra6 Rd8 38. Rxa7 Bg6 39. Be5 Qd1 40.
Qe4 Bxe4 41. Bxf7+ Kh7 42. Bd5+ 1-0

[Event "Premijer  Liga Crne Gore u sahu za 2015."]
[Site "Bar"]
[Date "2015.09.27"]
[Round "2.3"]
[White "Tadic, Branko"]
[Black "Drasko, Milan"]
[Result "1/2-1/2"]
[WhiteElo "2488"]
[BlackElo "2446"]
[PlyCount "37"]
[EventDate "2015.09.26"]

1. Nf3 Nf6 2. c4 e6 3. g3 a6 4. e3 d5 5. b3 Be7 6. Bb2 O-O 7. Bg2 b5 8. O-O Bb7
9. Qe2 c5 10. d3 Nbd7 11. Nbd2 Qb6 12. Rab1 Qa5 13. Rfc1 Rad8 14. a3 Rfe8 15.
b4 Qa4 16. bxc5 dxc4 17. dxc4 Nxc5 18. Nd4 Bxg2 19. Kxg2 1/2-1/2

[Event "Premijer  Liga Crne Gore u sahu za 2015."]
[Site "Bar"]
[Date "2015.09.27"]
[Round "2.3"]
[White "Lekic, Dusan"]
[Black "Benderac, Srdjan"]
[Result "1/2-1/2"]
[WhiteElo "2377"]
[BlackElo "2296"]
[PlyCount "27"]
[EventDate "2015.09.26"]

1. d4 Nf6 2. c4 g6 3. Nf3 Bg7 4. g3 O-O 5. Bg2 d6 6. O-O Nc6 7. Nc3 e5 8. d5
Ne7 9. e4 Bg4 10. h3 Bxf3 11. Bxf3 Nd7 12. Be2 f5 13. f3 Kh8 14. g4 1/2-1/2

[Event "Premijer  Liga Crne Gore u sahu za 2015."]
[Site "Bar"]
[Date "2015.09.27"]
[Round "2.3"]
[White "Tomic, Aleksandar"]
[Black "Draganic, Veljko"]
[Result "1/2-1/2"]
[WhiteElo "2298"]
[BlackElo "2375"]
[PlyCount "101"]
[EventDate "2015.09.26"]

1. d4 d5 2. Nf3 c6 3. Bf4 Bf5 4. e3 Qb6 5. Qc1 Nf6 6. c4 Nbd7 7. Nc3 dxc4 8.
Bxc4 e6 9. O-O Be7 10. h3 h6 11. Re1 Ne4 12. Nd2 Ndf6 13. f3 Nxd2 14. Qxd2 Rd8
15. Rad1 O-O 16. a3 c5 17. Na4 Qc6 18. Qa5 b6 19. Qxa7 Bc2 20. Nxb6 Bxd1 21.
Qxe7 Qxb6 22. Bc7 Qxb2 23. Bxd8 Qd2 24. Kf1 Qc2 25. Bb5 Qb3 26. a4 Nd5 27. Qd6
cxd4 28. exd4 Bc2 29. Kg1 Qc3 30. Bh4 Bxa4 31. Bxa4 Qxd4+ 32. Bf2 Qxa4 33. Re4
Qc2 34. Bd4 Qc1+ 35. Kh2 Qc7 36. Qxc7 Nxc7 37. h4 h5 38. Kg3 Nd5 39. Re5 g6 40.
Re1 Re8 41. Kh2 f6 42. g4 Kf7 43. g5 e5 44. Ba1 Nf4 45. Kg3 Re6 46. gxf6 Nd3
47. Re3 Rd6 48. Bxe5 Nxe5 49. Rxe5 Kxf6 50. Ra5 Rb6 51. Rc5 1/2-1/2

[Event "Premijer  Liga Crne Gore u sahu za 2015."]
[Site "Bar"]
[Date "2015.09.27"]
[Round "2.3"]
[White "Todorovic, Jovan"]
[Black "Kisic, Bozidar"]
[Result "1/2-1/2"]
[WhiteElo "2394"]
[BlackElo "2173"]
[PlyCount "73"]
[EventDate "2015.09.26"]

1. e4 g6 2. d4 Bg7 3. Nc3 d6 4. Be3 a6 5. h4 h6 6. Qd2 b5 7. O-O-O Bb7 8. f3
Nd7 9. Nh3 Rc8 10. g4 c5 11. dxc5 Nxc5 12. Kb1 Ne6 13. Nd5 Nf6 14. g5 hxg5 15.
hxg5 Nd7 16. f4 Ndc5 17. Bg2 Na4 18. f5 Bxd5 19. fxe6 Nxb2 20. Qxd5 Nxd1 21.
exf7+ Kf8 22. Rxd1 Qa5 23. Nf4 Qb4+ 24. Qb3 Qxb3+ 25. axb3 Kxf7 26. e5 Bxe5 27.
Bd5+ Kg7 28. Ne6+ Kf7 29. Nc7+ Kg7 30. Rf1 Rh2 31. Rf7+ Kh8 32. Rxe7 Re2 33.
Bc1 Re1 34. Ne8 Rd1 35. Bf3 Rf1 36. Be2 Rh1 37. Bf3 1/2-1/2

[Event "Premijer  Liga Crne Gore u sahu za 2015."]
[Site "Bar"]
[Date "2015.09.27"]
[Round "2.3"]
[White "Lekic, Lazar"]
[Black "Popadic, Dragan"]
[Result "1-0"]
[WhiteElo "2037"]
[BlackElo "2203"]
[PlyCount "65"]
[EventDate "2015.09.26"]

1. e4 c5 2. Nf3 Nc6 3. Bb5 d6 4. O-O Bd7 5. Re1 Nf6 6. c3 a6 7. Bf1 e6 8. d4
cxd4 9. cxd4 d5 10. exd5 Nxd5 11. Nc3 Nxc3 12. bxc3 Be7 13. Bd3 O-O 14. Bf4 Bf6
15. Ne5 Nxe5 16. dxe5 Be7 17. Re3 g6 18. Bh6 Re8 19. Qg4 Qc7 20. Rae1 Red8 21.
h4 Be8 22. h5 Rac8 23. hxg6 hxg6 24. Bg5 Bxg5 25. Qxg5 Qc5 26. Rh3 Qf8 27. Re4
f5 28. exf6 Rc5 29. Reh4 Rxg5 30. Rh8+ Kf7 31. R3h7+ Kxf6 32. Rxf8+ Ke5 33. f4+
1-0

[Event "Premijer  Liga Crne Gore u sahu za 2015."]
[Site "Bar"]
[Date "2015.09.27"]
[Round "2.5"]
[White "Brenjo, Slavisa"]
[Black "Blagojevic, Dragisa"]
[Result "1/2-1/2"]
[WhiteElo "2458"]
[BlackElo "2486"]
[PlyCount "22"]
[EventDate "2015.09.26"]

1. e4 e5 2. Nf3 Nc6 3. Bb5 g6 4. d4 exd4 5. Bg5 Be7 6. Bxe7 Qxe7 7. O-O Qc5 8.
Bxc6 dxc6 9. Nxd4 Nf6 10. Nb3 Qe7 11. Nc3 O-O 1/2-1/2

[Event "Premijer  Liga Crne Gore u sahu za 2015."]
[Site "Bar"]
[Date "2015.09.27"]
[Round "2.5"]
[White "Potpara, Nikola"]
[Black "Savic, Miodrag R"]
[Result "1/2-1/2"]
[WhiteElo "2406"]
[BlackElo "2503"]
[PlyCount "118"]
[EventDate "2015.09.26"]

1. c4 e6 2. g3 d5 3. Bg2 Nf6 4. Nf3 c6 5. O-O dxc4 6. a4 Nbd7 7. Na3 Bxa3 8.
Rxa3 a5 9. Qc2 Nb6 10. b3 cxb3 11. Rxb3 Nbd5 12. Ba3 Nb4 13. Bxb4 axb4 14. Rxb4
O-O 15. Rfb1 Qe7 16. Ne5 h6 17. d4 Rd8 18. Nd3 Nd7 19. Qc3 Ra7 20. Bf3 Re8 21.
Kg2 e5 22. dxe5 Nxe5 23. Re4 f6 24. Nxe5 fxe5 25. Qe3 Ra5 26. Reb4 Rf8 27. Be4
Kh8 28. f3 Qc5 29. Qxc5 Rxc5 30. Rd1 Kg8 31. Kf2 Ra5 32. Bc2 Kf7 33. Ke3 Ke7
34. Bb3 Rf6 35. h4 Rd6 36. Rxd6 Kxd6 37. Kd3 Rc5 38. Kd2 Ra5 39. Kc3 Rc5+ 40.
Kd2 Kc7 41. h5 Kd6 42. Bf7 Ra5 43. Kc3 Ra7 44. Bb3 Bd7 45. Rh4 Ra8 46. Rh1 Rf8
47. Rd1+ Kc7 48. Bc2 Be8 49. g4 Bd7 50. a5 Be6 51. Be4 Ra8 52. Kb4 Ra6 53. Rc1
Ra7 54. Ra1 Ra8 55. Rd1 Rf8 56. Kc5 Ra8 57. Kb4 Ra6 58. Rc1 Kd6 59. Rd1+ Kc7
1/2-1/2

[Event "Premijer  Liga Crne Gore u sahu za 2015."]
[Site "Bar"]
[Date "2015.09.27"]
[Round "2.5"]
[White "Saric, Igor"]
[Black "Milanovic, Slavisa"]
[Result "0-1"]
[WhiteElo "2308"]
[BlackElo "2381"]
[PlyCount "40"]
[EventDate "2015.09.26"]

1. e4 c5 2. Nf3 g6 3. Nc3 Bg7 4. d4 cxd4 5. Nxd4 Nc6 6. Be3 Nf6 7. Bc4 O-O 8.
Bb3 a5 9. f3 d5 10. exd5 Nb4 11. Nde2 a4 12. Nxa4 Nfxd5 13. Bd4 Bxd4 14. Qxd4
Bf5 15. Qd2 Bxc2 16. Bxd5 Rxa4 17. Nc3 Ra5 18. Bc4 Re5+ 19. Ne2 Bd3 20. Rd1
Bxc4 0-1

[Event "Premijer  Liga Crne Gore u sahu za 2015."]
[Site "Bar"]
[Date "2015.09.27"]
[Round "2.5"]
[White "Rajkovic, Dusan"]
[Black "Perosevic, Aleksandar"]
[Result "1-0"]
[WhiteElo "2367"]
[BlackElo "2159"]
[PlyCount "93"]
[EventDate "2015.09.26"]

1. d4 Nf6 2. c4 g6 3. Nc3 Bg7 4. e4 O-O 5. Bg5 d6 6. f3 h6 7. Be3 e5 8. d5 a6
9. Qd2 Nbd7 10. Nge2 Kh7 11. g4 Rh8 12. h4 h5 13. g5 Ne8 14. Ng3 c5 15. a3 Qa5
16. Nd1 Qxd2+ 17. Kxd2 Rb8 18. Nc3 Nc7 19. b4 b5 20. Rb1 cxb4 21. Rxb4 a5 22.
Rb1 b4 23. axb4 axb4 24. Nb5 Nxb5 25. cxb5 Nb6 26. Rxb4 Bd7 27. Bd3 Rhc8 28.
Ra1 Rc7 29. Ra6 Rcb7 30. Ne2 Bf8 31. Rb1 Be7 32. Rba1 Nc8 33. Nc3 Kg7 34. Ra8
f6 35. f4 exf4 36. Bxf4 Rxa8 37. Rxa8 Nb6 38. Ra1 fxg5 39. hxg5 Nc8 40. Be3 Kh7
41. Ra6 h4 42. e5 Bf5 43. e6 h3 44. Ra4 Nb6 45. Rh4+ Kg8 46. Bxf5 gxf5 47. Kd3
1-0

[Event "Premijer  Liga Crne Gore u sahu za 2015."]
[Site "Bar"]
[Date "2015.09.27"]
[Round "2.5"]
[White "Saranovic, Mitar"]
[Black "Raicevic, Momcilo"]
[Result "0-1"]
[WhiteElo "2142"]
[BlackElo "2368"]
[PlyCount "66"]
[EventDate "2015.09.26"]

1. e4 g6 2. d4 c6 3. Nc3 d5 4. Nf3 Bg7 5. h3 Nf6 6. e5 Nfd7 7. Bd3 c5 8. e6
fxe6 9. Ng5 Nf6 10. dxc5 O-O 11. Qe2 e5 12. Qxe5 Nc6 13. Qg3 e5 14. Qh4 e4 15.
Ncxe4 dxe4 16. Bc4+ Kh8 17. Bd2 Qe7 18. Bc3 h6 19. g4 Ne5 20. Bxe5 Qxe5 21.
Nf7+ Rxf7 22. Bxf7 g5 23. Qg3 Qxc5 24. O-O-O Bd7 25. Rd2 Rf8 26. Qb3 Bc6 27.
Rhd1 Qe7 28. Be6 e3 29. Qxe3 Ne4 30. Bf5 Re8 31. Re2 Nc3 32. Qxe7 Nxe2+ 33.
Qxe2 Rxe2 0-1

[Event "Premijer  Liga Crne Gore u sahu za 2015."]
[Site "Bar"]
[Date "2015.09.27"]
[Round "2.5"]
[White "Bujisic, Vlastimir"]
[Black "Scepanovic, Dalibor"]
[Result "1-0"]
[WhiteElo "2186"]
[BlackElo "2074"]
[PlyCount "95"]
[EventDate "2015.09.26"]

1. e4 e5 2. Nf3 Nf6 3. Nc3 Bb4 4. a3 Bxc3 5. dxc3 d6 6. Bd3 h6 7. h3 O-O 8. Be3
Nc6 9. Qe2 d5 10. exd5 Nxd5 11. O-O-O Qf6 12. Be4 Nf4 13. Bxf4 exf4 14. Qc4 Be6
15. Qc5 Rab8 16. Bxc6 bxc6 17. Qe5 Qe7 18. Rd4 Rb5 19. Qxf4 a5 20. Qh4 Qc5 21.
Rhd1 Bd5 22. Ne5 Rxb2 23. Kxb2 Rb8+ 24. Kc1 Qxc3 25. Rxd5 cxd5 26. Qd4 Qxa3+
27. Kd2 Qd6 28. Nd3 Rb5 29. Re1 Qg6 30. g4 h5 31. Qe5 Qc6 32. Qe8+ Qxe8 33.
Rxe8+ Kh7 34. Re7 hxg4 35. hxg4 a4 36. Rxc7 Ra5 37. Rc5 Rxc5 38. Nxc5 a3 39.
Kd3 Kg6 40. Kd4 Kg5 41. Kxd5 Kxg4 42. Nb3 Kf3 43. c4 g5 44. c5 g4 45. c6 Kxf2
46. c7 g3 47. c8=Q g2 48. Qf5+ 1-0